000 00599nam a2200217Ia 4500
005 20241129104143.0
008 241129s9999||||xx |||||||||||||| ||und||
020 _a9780813350943
037 _aTextual
040 _aRTL
_beng
_cRTL
041 _aeng
_2eng
084 _aY2 Q9
_qRTL
100 _aStone Linda; King Diane E.
_9725010
245 0 _aKinship and gender
_cStone Linda; King Diane E.
260 _aNew York
_bRoutledge
_c2019
300 _aviii,321p.
365 _aINR
_b4052.98
650 _aKinship Studies
_9725011
942 _cTB
_hY2 Q9
999 _c1224650
_d1224650